| 000 | 00555nam a2200181 a 4500 | ||
|---|---|---|---|
| 001 | 000034727 | ||
| 005 | 20200930073851.0 | ||
| 008 | 111019s1964 fr 000 0 spa d | ||
| 040 |
_aDO-SdBNP _bspa _cBNPHU |
||
| 082 |
_a843.8 _bZ861 |
||
| 100 | 1 |
_aZola, Émile _d1840-1902 _93605 |
|
| 245 | 1 | 3 |
_aLa bete Humaine / _cÉmile Zola. |
| 260 |
_aParis : _bFasquelle., _c1964. |
||
| 300 |
_a435 p. ; _c18 cm. |
||
| 490 | 1 |
_aLe livre de poche _v7 |
|
| 590 | _aPerteneció a la biblioteca personal de Juan Isidro Jimenes Grullón | ||
| 650 | 4 |
_aNovela francesa _91075 |
|
| 999 |
_c34218 _d34218 |
||